000 00600nam a2200217Ia 4500
005 20250923145833.0
008 008 250917s9999 xx 000 0 eng d
037 _aTextual
040 _aDSWL
_beng
_cDSWL
041 _aeng
_2eng
084 _aYX, N87
_qDSWL
100 _aBeverly, D.P
_9839438
245 0 _aSocial welfare and social justice
_c by D.P. Beverly
260 _aEnglewood
_b Cliff Prentic Hall
_c1987
300 _axiv,192p.
365 _aUSD
_b27.5
700 _a E.A. Mcsweeney
_9839439
925 _g27.5
942 _cTEXL
_hYX, N87
999 _c1456319
_d1456319